| 000 | 00450nam a22001577a 4500 | ||
|---|---|---|---|
| 020 | _aPBH-21/90-1000-1 | ||
| 082 |
_a894-812 _bRAJ/T |
||
| 100 | _aK.A.RAJAN | ||
| 245 |
_aTRADE UNION PROBLEMS _bPROBLEMS OF TRADE UNIONS |
||
| 246 |
_aTRADE UNION PROBLEMS _bPROBLEMS OF TRADE UNIONS |
||
| 260 |
_aTHIRUVANANTHAPURAM _bPRABHATH BOOK HOUSE _c1990 |
||
| 300 | _a65 | ||
| 520 | _aABOUT TRADE UNION PROBLEMS | ||
| 650 | _aTRADE UNION PROBLEMS | ||
| 942 | _cBK | ||
| 999 |
_c1147 _d1147 |
||